Loyola Maritime Law Journal

Bibliographic Details
Format: eBook
Language:English
Published: Nueva Orleans: Loyola University New Orleans, School of Law, 2018 -
Subjects:
Online Access:Acceso restringido

MARC

LEADER 00000nam a22000007a 4500
005 20190926231139.0
007 cr|||| ||||
008 190926c20189999us fr|w s|||| 0|||b1eng d
022 |a 1545-2506 
035 |a 22227 
040 |a vLex 
090 |c 9652  |d 9652 
245 0 0 |a Loyola Maritime Law Journal  |h [Recurso electrn̤ico] / 
256 |a Servicio en ln̕ea 
260 |a Nueva Orleans:  |b Loyola University New Orleans, School of Law,  |c 2018 - 
300 |a 1 recurso electrn̤ico 
310 |a Semestral 
506 1 |a Disponible solo en los productos indicados  |d vLex Global  |d vLex Global (Academic Edition, excluding Law Schools)  |d vLex Global (Academic Edition, Law Schools) 
650 0 4 |a Derecho Comunitario  |z Estados Unidos 
740 0 |a vLex Revistas (Servicio en ln̕ea) 
856 4 0 |u http://vlex.com/source/loyola-maritime-law-journal-22227  |z Acceso restringido 
942 |c REV 
999 0 |a Community Law